00485 a2200109 4500001001000000005001700010008004100027245018800068100002400256700002800280773006700308ART_4153920260410162023.0260409a 10aLas causales de extinción del contrato entre el futbolista profesional y el club en la legislación argentina y su relación con las contempladas en la reglamentación de la FIFA1 aGaleano, Eduardo V.1 aLozano, Gabriel César0 tAnuario de derecho del fútbolg- Nº 1 (dic. 2008)wREV41517